000 00404cam a2200169ua 4500
001 5209
008 120730n ii |||gr||||Z||||||eng
040 _cMAIN
082 _a954.04
100 _aKaul, B. M.,
_eAuthor,
245 1 1 _aThe untold story
_cby B. M. Kaul
250 _a4th.
260 _aBombay:
_bAllied publishers,
_c1967.
300 _a507p:
_c23cm.
653 _aSouth Asia India
942 _cBK
999 _c4391
_d4391